| 000 | 00555nam a22002057a 4500 | ||
|---|---|---|---|
| 005 | 20260410115639.0 | ||
| 008 | 260410b |||||||| |||| 00| 0 eng d | ||
| 037 | _cDSWL | ||
| 040 |
_aDSWL _cDSWL |
||
| 041 | _heng | ||
| 100 | _aButcher, James N | ||
| 245 | _aAbnormal psychology | ||
| 250 | _a16th | ||
| 260 |
_aNoida, _bPearson Education, _c2018 |
||
| 300 | _a733p | ||
| 365 |
_aINR _b799 |
||
| 700 |
_aJill M. Hooley & Susan M Mineka _91234636 |
||
| 942 |
_2CC _cTEXL _n0 |
||
| 999 |
_c1848204 _d1848204 |
||